000 01014nam a22003017i 4500
003 EG-GICUC
005 20260203103933.0
008 260203s1953 us ||||fr|||| 001 0 eng d
040 _aEG-GiCUC
_beng
_cEG-GiCUC
_dEG-GiCUC
_erda
041 _aeng
_heng
082 0 4 _221
_a331.3
_bUN
092 0 4 _221
099 _aLaw 13 331.3 UN 1953
110 _kUnited Nations
_eAuthor.
245 0 1 _aHandbook of International Measures for Protection of Migrants and General Conditions to Be Observed in Their Settlement /
_cBy United Nations.
264 _anew york;
_bDepartment of social affairs,
_c1953.
300 _a278 pages :
_billustrations,
_c24 cm
336 _2rda content
_atext
337 _2rda media
_aComputer
338 _2rda carrier
_aOnline Resource
500 _aindex included
546 _aText in English
650 1 _aPublic finance and tax legislation
_2qrmak
651 1 _2qrmak
856 4 0 _uhttps://fll.law.cu.edu.eg/fulltext/bks/B13-08918.pdf
905 _a31
942 _2ddc
_cBK
_e21
_n0
999 _c60447
_d60447